000 00392nam a22001697a 4500
003 NUST
020 _a9780128199701
038 _akhadija
082 _a621.472
_bCON
100 _aLovegrove
_991809
245 _aConcentrating Solar Power Technology /
_cKeith Lovegrove
250 _a2nd
260 _aU.K
_bWoodhead Publisher
_c2021
300 _ap778
563 _aHB
942 _2ddc
_cBK
999 _c589939
_d589939